Media and culture : (Record no. 4957)

MARC details
000 -LEADER
fixed length control field 00757nam a22002417a 4500
003 - CONTROL NUMBER IDENTIFIER
control field OSt
005 - DATE AND TIME OF LATEST TRANSACTION
control field 20251024021831.0
008 - FIXED-LENGTH DATA ELEMENTS--GENERAL INFORMATION
fixed length control field 251021b |||||||| |||| 00| 0 eng d
020 ## - INTERNATIONAL STANDARD BOOK NUMBER
International Standard Book Number 0-312-43204-6.
040 ## - CATALOGING SOURCE
Original cataloging agency DWCL-Main lib
Transcribing agency OC
082 ## - DEWEY DECIMAL CLASSIFICATION NUMBER
Classification number Circ. 302.23 C189m 2006
100 ## - MAIN ENTRY--PERSONAL NAME
Personal name Campbell, Richard
245 ## - TITLE STATEMENT
Title Media and culture :
Remainder of title an introduction to mass media communication
260 ## - PUBLICATION, DISTRIBUTION, ETC.
Place of publication, distribution, etc. Boston :
Name of publisher, distributor, etc. Bedford/St. Martins,
Date of publication, distribution, etc. c2006.
300 ## - PHYSICAL DESCRIPTION
Extent xxii, 625 pages :
Other physical details illustration ;
Dimensions 27 cm.
504 ## - BIBLIOGRAPHY, ETC. NOTE
Bibliography, etc. note Includes bibliographical references and index.
504 ## - BIBLIOGRAPHY, ETC. NOTE
Bibliography, etc. note Includes index.
650 ## - SUBJECT ADDED ENTRY--TOPICAL TERM
Source of heading or term 1. Culture.
650 ## - SUBJECT ADDED ENTRY--TOPICAL TERM
Source of heading or term 2. Mass media
700 ## - ADDED ENTRY--PERSONAL NAME
Personal name Martin, Christopher R.
700 ## - ADDED ENTRY--PERSONAL NAME
Personal name Fabos, Bettina
942 ## - ADDED ENTRY ELEMENTS (KOHA)
Source of classification or shelving scheme Dewey Decimal Classification
Koha item type Book Circulation
Edition 5th ed.
Call number prefix Circ.
Suppress in OPAC No
952 ## - LOCATION AND ITEM INFORMATION (KOHA)
--
Holdings
Withdrawn status Lost status Source of classification or shelving scheme Damaged status Not for loan Home library Current library Shelving location Date acquired Source of acquisition Cost, normal purchase price Total Checkouts Full call number Barcode Date last seen Copy number Price effective from Koha item type Uniform Resource Identifier
    Dewey Decimal Classification     College Library College Library Circulation 11/04/2008 Donation 0.00   Circ. 302.23 C189m 2006 46372 10/21/2025 c1 10/21/2025 BK-CIRC